000 01002nam a2200277 a 4500
001 42986
003 BD-RjUL
005 20211209053628.0
008 160618s1961 nyua b 000 0 eng c
035 _a(BD-RjUL)43104
035 _a(OCoLC)00399608
035 _a(OCoLC)00168872
040 _aArizona. Univ. Libr.
_cMRC
_dBD-RjUL
_beng
041 _aeng
082 _223
_a330.153
_bPAM 1961
100 1 _aPaglin, Morton
_9132002
245 1 0 _aMalthus & Lauderdale :
_bthe anti-Ricardian tradition /
_cMorton Paglin
260 _aNew York :
_bA.M. Kelley,
_cc1961
300 _a184 p. :
_bill. ;
_c21 cm.
500 _a"An earlier draft of part of this material was submitted as a doctoral dissertation at the University of California, Berkeley, 1956."
504 _aIncludes bibliography.
600 1 0 _aMalthus, T. R.
_q(Thomas Robert)
_d1766-1834.
_9132003
600 1 0 _aLauderdale, James Maitland
_cEarl of
_d1759-1839.
_9132004
600 1 0 _aRicardo, David
_d1772-1823.
_9132122
942 _2ddc
_cBK
999 _c42986
_d42986